[Event "ODJM A 2023"]
[Site "Willingen GER"]
[Date "2023.06.02"]
[Round "8"]
[White "Kieselbach, Jannik"]
[Black "Schwarz, David"]
[Result "1-0"]
[Termination "normal"]
[Board "27"]
[WhiteElo "1765"]
[BlackElo "1431"]
[WhiteClock "00:33:50"]
[BlackClock "00:30:21"]
[PlyCount "87"]
[WhiteFideId "16246403"]
[BlackFideId "16287614"]
[EventCountry "GER"]
[EventRounds "9"]
[EventType "swiss"]
[EventDate "2023.05.27"]

1. e4 {[%clk 01:30:58]} {[%emt 00:00:01]} c5 {[%clk 01:30:56]} {[%emt
00:00:05]} 2. Nf3 {[%clk 01:31:23]} {[%emt 00:00:04]} Nc6 {[%clk 01:31:21]}
{[%emt 00:00:06]} 3. d4 {[%clk 01:31:44]} {[%emt 00:00:08]} cxd4 {[%clk
01:31:34]} {[%emt 00:00:18]} 4. Nxd4 {[%clk 01:32:07]} {[%emt 00:00:07]} Nf6
{[%clk 01:31:39]} {[%emt 00:00:26]} 5. Nc3 {[%clk 01:31:53]} {[%emt 00:00:43]}
d6 {[%clk 01:31:04]} {[%emt 00:01:05]} 6. Bg5 {[%clk 01:30:52]} {[%emt
00:01:31]} e5 {[%clk 01:30:13]} {[%emt 00:01:22]} 7. Ndb5 {[%clk 01:24:56]}
{[%emt 00:06:26]} a6 {[%clk 01:30:10]} {[%emt 00:00:33]} 8. Na3 {[%clk
01:23:48]} {[%emt 00:01:37]} b5 {[%clk 01:29:34]} {[%emt 00:01:07]} 9. Nd5
{[%clk 01:24:12]} {[%emt 00:00:06]} Be7 {[%clk 01:30:01]} {[%emt 00:00:04]} 10.
Bxf6 {[%clk 01:24:34]} {[%emt 00:00:08]} Bxf6 {[%clk 01:30:27]} {[%emt
00:00:04]} 11. c3 {[%clk 01:24:56]} {[%emt 00:00:07]} Bg5 {[%clk 01:28:58]}
{[%emt 00:01:55]} 12. Nc2 {[%clk 01:24:49]} {[%emt 00:00:40]} O-O {[%clk
01:26:30]} {[%emt 00:03:00]} 13. a4 {[%clk 01:25:10]} {[%emt 00:00:09]} bxa4
{[%clk 01:26:21]} {[%emt 00:00:39]} 14. Rxa4 {[%clk 01:25:33]} {[%emt
00:00:06]} f5 {[%clk 01:25:48]} {[%emt 00:01:04]} 15. Ndb4 {[%clk 01:17:09]}
{[%emt 00:08:53]} Nxb4 {[%clk 01:19:12]} {[%emt 00:07:07]} 16. Nxb4 {[%clk
01:09:42]} {[%emt 00:07:57]} fxe4 {[%clk 01:11:18]} {[%emt 00:08:24]} 17. Qd5+
{[%clk 00:51:13]} {[%emt 00:18:59]} Kh8 {[%clk 01:11:23]} {[%emt 00:00:25]} 18.
Qxa8 {[%clk 00:49:19]} {[%emt 00:02:24]} Qb6 {[%clk 01:11:32]} {[%emt
00:00:19]} 19. Be2 {[%clk 00:46:43]} {[%emt 00:03:08]} Qxf2+ {[%clk 01:11:08]}
{[%emt 00:00:54]} 20. Kd1 {[%clk 00:47:11]} Qe3 {[%clk 01:11:28]} {[%emt
00:00:10]} 21. Kc2 {[%clk 00:47:21]} {[%emt 00:00:20]} Qxe2+ {[%clk 01:09:57]}
{[%emt 00:02:02]} 22. Kb1 {[%clk 00:47:45]} {[%emt 00:00:05]} e3 {[%clk
01:06:36]} {[%emt 00:03:51]} 23. Nc2 {[%clk 00:45:01]} {[%emt 00:03:14]} Qxc2+
{[%clk 01:01:40]} {[%emt 00:05:27]} 24. Kxc2 {[%clk 00:45:24]} {[%emt
00:00:06]} Bf5+ {[%clk 01:02:08]} {[%emt 00:00:03]} 25. Qe4 {[%clk 00:45:45]}
{[%emt 00:00:08]} Bxe4+ {[%clk 01:02:35]} {[%emt 00:00:04]} 26. Rxe4 {[%clk
00:46:08]} {[%emt 00:00:06]} Rf2+ {[%clk 01:03:03]} {[%emt 00:00:02]} 27. Kb3
{[%clk 00:45:09]} {[%emt 00:01:29]} Rxg2 {[%clk 01:01:39]} {[%emt 00:01:55]}
28. Rd1 {[%clk 00:43:39]} {[%emt 00:01:59]} Bf4 {[%clk 00:49:49]} {[%emt
00:16:52]} 29. Rxd6 {[%clk 00:42:39]} h5 {[%clk 00:50:15]} 30. c4 {[%clk
00:36:51]} {[%emt 00:03:20]} a5 {[%clk 00:14:17]} {[%emt 00:36:28]} 31. c5
{[%clk 00:28:43]} {[%emt 00:08:38]} Rg1 {[%clk 00:13:59]} {[%emt 00:00:47]} 32.
Rd3 {[%clk 00:19:49]} {[%emt 00:09:23]} Rg6 {[%clk 00:09:56]} {[%emt 00:04:34]}
33. Kc4 {[%clk 00:16:52]} {[%emt 00:03:27]} Rc6 {[%clk 00:09:41]} {[%emt
00:00:46]} 34. h4 {[%clk 00:07:21]} {[%emt 00:10:00]} Rc8 {[%clk 00:09:21]}
{[%emt 00:00:49]} 35. Rd6 {[%clk 00:05:08]} {[%emt 00:02:43]} Kg8 {[%clk
00:07:47]} {[%emt 00:02:05]} 36. c6 {[%clk 00:04:16]} {[%emt 00:01:22]} Kf7
{[%clk 00:06:02]} {[%emt 00:02:15]} 37. Kd5 {[%clk 00:04:19]} {[%emt 00:00:27]}
g5 {[%clk 00:03:44]} {[%emt 00:02:48]} 38. hxg5 {[%clk 00:04:23]} {[%emt
00:00:26]} Bxg5 {[%clk 00:04:13]} {[%emt 00:00:02]} 39. Rxe5 {[%clk 00:04:26]}
{[%emt 00:00:27]} Bh4 {[%clk 00:03:31]} {[%emt 00:01:11]} 40. Rxe3 {[%clk
00:03:54]} {[%emt 00:01:02]} Bg5 {[%clk 00:01:01]} {[%emt 00:03:00]} 41. Rf3+
{[%clk 00:03:02]} {[%emt 00:01:21]} Ke7 {[%clk 00:29:54]} {[%emt 00:01:38]} 42.
Rd7+ {[%clk 00:33:22]} {[%emt 00:00:10]} Ke8 {[%clk 00:30:15]} {[%emt
00:00:10]} 43. Rg3 {[%clk 00:33:29]} {[%emt 00:00:23]} Be7 {[%clk 00:30:21]}
{[%emt 00:00:24]} 44. Re3 {[%clk 00:33:50]} {[%emt 00:00:08]} 1-0

[Event "ODJM A 2023"]
[Site "Willingen GER"]
[Date "2023.06.02"]
[Round "8"]
[White "Ruddat, Jarne"]
[Black "Seitz, Manuel"]
[Result "0-1"]
[Termination "normal"]
[Board "28"]
[WhiteElo "1846"]
[BlackElo "1791"]
[WhiteClock "00:26:09"]
[BlackClock "00:23:45"]
[PlyCount "44"]
[WhiteFideId "16254236"]
[BlackFideId "16215770"]
[EventCountry "GER"]
[EventRounds "9"]
[EventType "swiss"]
[EventDate "2023.05.27"]

1. e4 {[%clk 01:30:56]} {[%emt 00:00:02]} e5 {[%clk 01:30:45]} {[%emt
00:00:16]} 2. Nf3 {[%clk 01:31:19]} {[%emt 00:00:07]} Nc6 {[%clk 01:31:04]}
{[%emt 00:00:11]} 3. Bc4 {[%clk 01:31:41]} {[%emt 00:00:08]} Nf6 {[%clk
01:31:05]} {[%emt 00:00:29]} 4. d4 {[%clk 01:29:33]} {[%emt 00:02:38]} exd4
{[%clk 01:28:25]} {[%emt 00:03:10]} 5. O-O {[%clk 01:29:26]} {[%emt 00:00:37]}
Bc5 {[%clk 01:23:12]} {[%emt 00:05:43]} 6. e5 {[%clk 01:29:15]} {[%emt
00:00:42]} d5 {[%clk 01:20:42]} {[%emt 00:02:59]} 7. exf6 {[%clk 01:29:32]}
{[%emt 00:00:13]} dxc4 {[%clk 01:20:41]} {[%emt 00:00:31]} 8. Re1+ {[%clk
01:29:54]} {[%emt 00:00:08]} Be6 {[%clk 01:19:11]} {[%emt 00:02:00]} 9. Ng5
{[%clk 01:30:00]} {[%emt 00:00:25]} Qd5 {[%clk 00:57:47]} {[%emt 00:21:54]} 10.
Nc3 {[%clk 00:50:08]} {[%emt 00:40:23]} Qf5 {[%clk 00:54:18]} {[%emt 00:03:59]}
11. g4 {[%clk 00:43:44]} {[%emt 00:06:54]} Qxf6 {[%clk 00:45:54]} {[%emt
00:08:54]} 12. Nd5 {[%clk 00:39:32]} {[%emt 00:04:42]} Qd8 {[%clk 00:43:44]}
{[%emt 00:02:38]} 13. Nxe6 {[%clk 00:38:06]} {[%emt 00:01:57]} fxe6 {[%clk
00:41:36]} {[%emt 00:08:26]} 14. Nf4 {[%clk 00:37:07]} e5 {[%clk 00:36:58]}
{[%emt 00:00:49]} 15. Nh5 {[%clk 00:28:07]} {[%emt 00:09:30]} O-O {[%clk
00:33:50]} {[%emt 00:03:38]} 16. Ng3 {[%clk 00:27:33]} {[%emt 00:01:03]} Qd7
{[%clk 00:28:57]} {[%emt 00:05:24]} 17. Ne4 {[%clk 00:26:16]} {[%emt 00:01:47]}
Bb6 {[%clk 00:27:59]} {[%emt 00:01:28]} 18. Qe2 {[%clk 00:26:12]} {[%emt
00:00:34]} d3 {[%clk 00:25:55]} {[%emt 00:02:35]} 19. cxd3 {[%clk 00:26:20]}
{[%emt 00:00:21]} cxd3 {[%clk 00:26:00]} {[%emt 00:00:26]} 20. Qd1 {[%clk
00:26:17]} {[%emt 00:00:32]} Nd4 {[%clk 00:25:01]} {[%emt 00:01:29]} 21. Re3
{[%clk 00:25:58]} {[%emt 00:00:49]} Nf3+ {[%clk 00:23:28]} {[%emt 00:02:03]}
22. Rxf3 {[%clk 00:26:09]} {[%emt 00:00:19]} Qxg4+ {[%clk 00:23:45]} {[%emt
00:00:14]} 0-1

[Event "ODJM A 2023"]
[Site "Willingen GER"]
[Date "2023.06.02"]
[Round "8"]
[White "Tulchynsky, David"]
[Black "Möller, Tom"]
[Result "1-0"]
[Termination "normal"]
[Board "29"]
[WhiteElo "1660"]
[BlackElo "1417"]
[WhiteClock "00:40:58"]
[BlackClock "00:12:50"]
[PlyCount "113"]
[WhiteFideId "16289560"]
[BlackFideId "16287215"]
[EventCountry "GER"]
[EventRounds "9"]
[EventType "swiss"]
[EventDate "2023.05.27"]

1. e4 {[%clk 01:30:57]} {[%emt 00:00:02]} c5 {[%clk 01:30:48]} {[%emt
00:00:12]} 2. d4 {[%clk 01:31:19]} {[%emt 00:00:08]} cxd4 {[%clk 01:31:12]}
{[%emt 00:00:07]} 3. c3 {[%clk 01:31:45]} {[%emt 00:00:03]} d3 {[%clk
01:31:17]} {[%emt 00:00:24]} 4. Bxd3 {[%clk 01:32:11]} {[%emt 00:00:05]} e5
{[%clk 01:28:50]} {[%emt 00:02:57]} 5. Nf3 {[%clk 01:31:18]} {[%emt 00:01:23]}
Nc6 {[%clk 01:27:32]} {[%emt 00:01:48]} 6. O-O {[%clk 01:30:25]} {[%emt
00:01:23]} Nf6 {[%clk 01:23:56]} {[%emt 00:04:05]} 7. c4 {[%clk 01:29:10]}
{[%emt 00:01:46]} Bc5 {[%clk 01:21:19]} {[%emt 00:03:07]} 8. Nc3 {[%clk
01:28:06]} {[%emt 00:01:34]} d6 {[%clk 01:19:19]} {[%emt 00:02:30]} 9. h3
{[%clk 01:28:23]} {[%emt 00:00:13]} h6 {[%clk 01:18:16]} {[%emt 00:01:32]} 10.
a3 {[%clk 01:28:14]} {[%emt 00:00:40]} a5 {[%clk 01:11:19]} {[%emt 00:07:27]}
11. Nd5 {[%clk 01:25:34]} {[%emt 00:03:09]} O-O {[%clk 01:10:04]} {[%emt
00:01:45]} 12. Be3 {[%clk 01:22:10]} {[%emt 00:03:55]} Be6 {[%clk 01:07:26]}
{[%emt 00:03:08]} 13. Qd2 {[%clk 01:15:34]} {[%emt 00:07:06]} Nd7 {[%clk
00:49:19]} {[%emt 00:18:36]} 14. Ne1 {[%clk 01:02:40]} {[%emt 00:13:25]} Bxe3
{[%emt 00:03:25]} 15. Qxe3 {[%clk 01:00:35]} {[%emt 00:01:10]} Nd4 {[%clk
00:47:30]} {[%emt 00:00:49]} 16. Nc2 {[%clk 01:00:23]} {[%emt 00:00:43]} Nb3
{[%clk 00:43:59]} {[%emt 00:04:00]} 17. Rae1 {[%clk 01:00:47]} {[%emt
00:00:06]} Ndc5 {[%clk 00:38:56]} {[%emt 00:05:33]} 18. f4 {[%clk 00:56:22]}
{[%emt 00:04:55]} Bxd5 {[%clk 00:35:42]} {[%emt 00:03:45]} 19. cxd5 {[%clk
00:49:52]} {[%emt 00:06:59]} f6 {[%clk 00:30:30]} {[%emt 00:06:08]} 20. fxe5
{[%clk 00:47:50]} {[%emt 00:02:06]} fxe5 {[%clk 00:30:51]} {[%emt 00:00:08]}
21. Bc4 {[%clk 00:48:04]} {[%emt 00:00:15]} Qb6 {[%clk 00:27:22]} {[%emt
00:03:59]} 22. Bxb3 {[%clk 00:46:50]} {[%emt 00:01:44]} Qxb3 {[%clk 00:27:45]}
{[%emt 00:00:07]} 23. Qxb3 {[%clk 00:47:13]} {[%emt 00:00:08]} Nxb3 {[%clk
00:28:10]} {[%emt 00:00:05]} 24. Rxf8+ {[%clk 00:47:36]} {[%emt 00:00:07]} Rxf8
{[%clk 00:28:22]} {[%emt 00:00:17]} 25. Re3 {[%clk 00:47:56]} {[%emt 00:00:09]}
Nd2 {[%clk 00:26:31]} {[%emt 00:02:21]} 26. Re2 {[%clk 00:47:59]} {[%emt
00:00:27]} Rf1+ {[%clk 00:23:26]} {[%emt 00:03:34]} 27. Kh2 {[%clk 00:48:23]}
{[%emt 00:00:05]} Nb3 {[%clk 00:21:28]} {[%emt 00:02:29]} 28. Ne3 {[%clk
00:48:08]} {[%emt 00:00:45]} Nd4 {[%clk 00:20:19]} {[%emt 00:01:40]} 29. Nxf1
{[%clk 00:48:08]} {[%emt 00:00:31]} Nxe2 {[%clk 00:20:42]} {[%emt 00:00:07]}
30. Ne3 {[%clk 00:48:32]} {[%emt 00:00:05]} Nc1 {[%clk 00:13:40]} {[%emt
00:07:33]} 31. Nc4 {[%clk 00:47:57]} {[%emt 00:01:05]} a4 {[%clk 00:13:02]}
{[%emt 00:01:08]} 32. Nxd6 {[%clk 00:47:48]} {[%emt 00:00:38]} Nd3 {[%clk
00:13:21]} {[%emt 00:00:12]} 33. Nxb7 {[%clk 00:47:56]} {[%emt 00:00:22]} Kf7
{[%clk 00:13:48]} {[%emt 00:00:03]} 34. Nd6+ {[%clk 00:47:17]} {[%emt
00:01:09]} Kf6 {[%clk 00:13:29]} {[%emt 00:00:48]} 35. Nc4 {[%clk 00:47:35]}
{[%emt 00:00:12]} Nf2 {[%clk 00:13:29]} {[%emt 00:00:30]} 36. Nd2 {[%clk
00:47:36]} {[%emt 00:00:29]} Nd3 {[%clk 00:10:57]} {[%emt 00:03:02]} 37. b4
{[%clk 00:46:53]} {[%emt 00:01:13]} Nc1 {[%clk 00:10:24]} {[%emt 00:01:03]} 38.
Nc4 {[%clk 00:46:04]} {[%emt 00:01:19]} Nb3 {[%clk 00:10:31]} {[%emt 00:00:23]}
39. Kg3 {[%clk 00:45:59]} {[%emt 00:00:34]} Nd4 {[%clk 00:10:12]} {[%emt
00:00:49]} 40. Nb2 {[%clk 00:45:51]} {[%emt 00:00:38]} Ne2+ {[%clk 00:10:28]}
{[%emt 00:00:15]} 41. Kf3 {[%clk 00:46:04]} {[%emt 00:00:16]} Nc3 {[%clk
00:10:51]} {[%emt 00:00:09]} 42. Ke3 {[%clk 00:45:52]} {[%emt 00:00:42]} Nb5
{[%clk 00:10:53]} {[%emt 00:00:29]} 43. Nxa4 {[%clk 00:44:00]} {[%emt
00:02:22]} Nxa3 {[%clk 00:11:17]} {[%emt 00:00:05]} 44. Kd3 {[%clk 00:44:08]}
{[%emt 00:00:22]} Nb5 {[%clk 00:11:08]} {[%emt 00:00:40]} 45. Nc3 {[%clk
00:44:08]} {[%emt 00:00:29]} Nd6 {[%clk 00:11:31]} {[%emt 00:00:07]} 46. Kc2
{[%clk 00:41:50]} {[%emt 00:02:48]} Kg5 {[%clk 00:11:55]} {[%emt 00:00:06]} 47.
g3 {[%clk 00:41:09]} {[%emt 00:01:11]} h5 {[%clk 00:12:20]} {[%emt 00:00:05]}
48. Kd3 {[%clk 00:39:43]} {[%emt 00:01:56]} h4 {[%clk 00:12:43]} {[%emt
00:00:06]} 49. Ne2 {[%clk 00:39:57]} {[%emt 00:00:16]} hxg3 {[%clk 00:12:03]}
{[%emt 00:01:10]} 50. Nxg3 {[%clk 00:40:23]} {[%emt 00:00:04]} Kf4 {[%clk
00:12:16]} {[%emt 00:00:17]} 51. Nh5+ {[%clk 00:40:42]} {[%emt 00:00:10]} Kf3
{[%clk 00:12:38]} {[%emt 00:00:09]} 52. Nxg7 {[%clk 00:41:00]} {[%emt
00:00:12]} Nxe4 {[%clk 00:13:03]} {[%emt 00:00:05]} 53. Nf5 {[%clk 00:40:30]}
{[%emt 00:01:00]} Nf6 {[%clk 00:13:16]} {[%emt 00:00:17]} 54. d6 {[%clk
00:40:07]} {[%emt 00:00:53]} e4+ {[%clk 00:13:42]} {[%emt 00:00:04]} 55. Kd2
{[%clk 00:40:31]} {[%emt 00:00:06]} Kf4 {[%clk 00:14:07]} {[%emt 00:00:05]} 56.
Ne3 {[%clk 00:40:50]} {[%emt 00:00:12]} Ke5 {[%clk 00:12:50]} {[%emt 00:01:47]}
57. Ng4+ {[%clk 00:40:58]} {[%emt 00:00:21]} 1-0

[Event "ODJM A 2023"]
[Site "Willingen GER"]
[Date "2023.06.02"]
[Round "8"]
[White "Hahn, Peter"]
[Black "Goldinov, Daniel"]
[Result "0-1"]
[Termination "normal"]
[Board "30"]
[WhiteElo "1814"]
[BlackElo "1880"]
[WhiteClock "01:07:39"]
[BlackClock "00:52:38"]
[PlyCount "36"]
[WhiteFideId "34627316"]
[BlackFideId "34605649"]
[EventCountry "GER"]
[EventRounds "9"]
[EventType "swiss"]
[EventDate "2023.05.27"]

1. d4 {[%clk 01:30:59]} f5 {[%clk 01:30:23]} {[%emt 00:00:38]} 2. g3 {[%clk
01:31:23]} {[%emt 00:00:06]} Nf6 {[%clk 01:29:49]} {[%emt 00:01:04]} 3. Bg2
{[%clk 01:31:49]} {[%emt 00:00:05]} g6 {[%clk 01:29:16]} {[%emt 00:01:03]} 4.
c4 {[%clk 01:32:14]} {[%emt 00:00:05]} Bg7 {[%clk 01:29:41]} {[%emt 00:00:04]}
5. Nf3 {[%clk 01:32:41]} {[%emt 00:00:04]} O-O {[%clk 01:30:00]} {[%emt
00:00:12]} 6. O-O {[%clk 01:33:08]} {[%emt 00:00:04]} d6 {[%clk 01:30:24]}
{[%emt 00:00:05]} 7. Nc3 {[%clk 01:33:35]} {[%emt 00:00:04]} c6 {[%clk
01:30:48]} {[%emt 00:00:05]} 8. b4 {[%clk 01:33:51]} {[%emt 00:00:14]} Qc7
{[%clk 01:27:12]} {[%emt 00:04:06]} 9. Bg5 {[%clk 01:23:17]} {[%emt 00:11:05]}
e5 {[%clk 01:25:29]} {[%emt 00:02:13]} 10. dxe5 {[%clk 01:22:35]} {[%emt
00:01:12]} dxe5 {[%clk 01:25:36]} {[%emt 00:00:23]} 11. Rc1 {[%clk 01:22:34]}
{[%emt 00:00:31]} Nbd7 {[%clk 01:17:43]} {[%emt 00:08:22]} 12. e4 {[%clk
01:20:32]} {[%emt 00:02:33]} f4 {[%clk 01:09:54]} {[%emt 00:08:18]} 13. gxf4
{[%emt 00:06:45]} exf4 {[%clk 01:09:35]} {[%emt 00:00:46]} 14. Qd2 {[%clk
01:14:44]} {[%emt 00:00:07]} Ng4 {[%clk 01:03:27]} {[%emt 00:06:37]} 15. Ne2
{[%clk 01:11:46]} {[%emt 00:03:28]} Nde5 {[%clk 00:57:09]} {[%emt 00:06:47]}
16. h3 {[%clk 01:07:01]} {[%emt 00:05:15]} Nxf3+ {[%clk 00:56:02]} {[%emt
00:01:36]} 17. Bxf3 {[%clk 01:07:27]} {[%emt 00:00:05]} Ne5 {[%clk 00:55:27]}
{[%emt 00:01:05]} 18. Kg2 {[%clk 01:07:39]} {[%emt 00:00:18]} Bxh3+ {[%clk
00:52:38]} {[%emt 00:03:19]} 0-1

[Event "ODJM A 2023"]
[Site "Willingen GER"]
[Date "2023.06.02"]
[Round "8"]
[White "Abou Wally, Adrian"]
[Black "Andresen, Marc"]
[Result "0-1"]
[Termination "normal"]
[Board "31"]
[WhiteElo "1753"]
[BlackElo "1748"]
[WhiteClock "00:35:27"]
[BlackClock "00:28:16"]
[PlyCount "56"]
[WhiteFideId "16245113"]
[BlackFideId "16233719"]
[EventCountry "GER"]
[EventRounds "9"]
[EventType "swiss"]
[EventDate "2023.05.27"]

1. e4 {[%clk 01:30:58]} {[%emt 00:00:02]} e5 {[%clk 01:30:55]} {[%emt
00:00:06]} 2. Nf3 {[%clk 01:31:25]} {[%emt 00:00:04]} Nc6 {[%clk 01:31:20]}
{[%emt 00:00:04]} 3. Bc4 {[%clk 01:31:46]} {[%emt 00:00:08]} Nf6 {[%clk
01:31:45]} {[%emt 00:00:05]} 4. d3 {[%clk 01:32:09]} {[%emt 00:00:07]} Bc5
{[%clk 01:32:09]} {[%emt 00:00:05]} 5. c3 {[%clk 01:32:34]} {[%emt 00:00:05]}
a6 {[%clk 01:32:35]} {[%emt 00:00:04]} 6. Bb3 {[%clk 01:31:24]} {[%emt
00:01:40]} Ba7 {[%clk 01:32:49]} {[%emt 00:00:16]} 7. O-O {[%clk 01:31:31]}
{[%emt 00:00:23]} d6 {[%clk 01:33:14]} {[%emt 00:00:05]} 8. Nbd2 {[%clk
01:31:53]} {[%emt 00:00:08]} O-O {[%clk 01:33:37]} {[%emt 00:00:07]} 9. h3
{[%clk 01:32:19]} {[%emt 00:00:04]} h6 {[%clk 01:34:02]} {[%emt 00:00:05]} 10.
Re1 {[%clk 01:32:42]} {[%emt 00:00:06]} Re8 {[%clk 01:34:27]} {[%emt 00:00:05]}
11. Nf1 {[%clk 01:32:52]} {[%emt 00:00:20]} Be6 {[%clk 01:34:30]} {[%emt
00:00:28]} 12. Ng3 {[%clk 01:32:53]} {[%emt 00:00:29]} Qd7 {[%clk 01:31:54]}
{[%emt 00:03:06]} 13. Be3 {[%clk 01:16:08]} {[%emt 00:17:15]} Bxe3 {[%clk
01:25:59]} {[%emt 00:06:25]} 14. Rxe3 {[%clk 01:16:11]} {[%emt 00:00:28]} d5
{[%clk 01:26:03]} {[%emt 00:00:26]} 15. Nh4 {[%clk 01:07:27]} {[%emt 00:09:13]}
Rad8 {[%clk 01:19:05]} {[%emt 00:07:28]} 16. Bc2 {[%clk 01:01:43]} {[%emt
00:06:14]} dxe4 {[%clk 01:13:37]} {[%emt 00:05:58]} 17. Nxe4 {[%clk 00:57:16]}
{[%emt 00:04:57]} Nxe4 {[%clk 01:13:55]} {[%emt 00:00:12]} 18. dxe4 {[%clk
00:51:17]} {[%emt 00:06:29]} Qxd1+ {[%clk 01:12:55]} {[%emt 00:01:29]} 19. Bxd1
{[%clk 00:50:23]} {[%emt 00:01:24]} Rd2 {[%clk 00:51:30]} {[%emt 00:21:55]} 20.
Re2 {[%clk 00:49:16]} {[%emt 00:01:37]} Red8 {[%clk 00:46:11]} {[%emt
00:05:48]} 21. Rxd2 {[%clk 00:49:32]} {[%emt 00:00:14]} Rxd2 {[%clk 00:46:40]}
{[%emt 00:00:01]} 22. Nf3 {[%clk 00:49:52]} {[%emt 00:00:11]} Rxb2 {[%clk
00:44:02]} {[%emt 00:03:08]} 23. a3 {[%clk 00:43:57]} {[%emt 00:10:53]} Bb3
{[%clk 00:37:07]} {[%emt 00:02:56]} 24. Kf1 {[%clk 00:40:30]} {[%emt 00:03:57]}
Kf8 {[%clk 00:33:07]} {[%emt 00:04:31]} 25. Nh4 {[%clk 00:37:14]} {[%emt
00:03:45]} Bxd1 {[%clk 00:27:43]} {[%emt 00:05:54]} 26. Rxd1 {[%clk 00:37:42]}
{[%emt 00:00:02]} Rc2 {[%clk 00:28:07]} {[%emt 00:00:07]} 27. Rd7 {[%clk
00:35:13]} {[%emt 00:03:00]} Rxc3 {[%clk 00:27:52]} {[%emt 00:00:44]} 28. Rxc7
{[%clk 00:35:27]} {[%emt 00:00:16]} Rc1+ {[%clk 00:28:16]} {[%emt 00:00:06]}
0-1